| 000 | 00913cam a2200301 a 4500 | ||
|---|---|---|---|
| 999 |
_c3567 _d3567 |
||
| 001 | 1565853 | ||
| 003 | OSt | ||
| 005 | 20181115103559.0 | ||
| 008 | 920318s1991 pau b 000 0 eng | ||
| 010 | _a 92133304 | ||
| 020 | _a1560434686 (pbk.) | ||
| 040 |
_aDLC _cDLC _dDLC |
||
| 050 | 0 | 0 |
_aBV4509.5 _b.B45 1991 |
| 082 | 0 | 0 |
_a234 _220 _bB517C |
| 100 | 1 | _aBernal, Dick. | |
| 245 | 1 | 0 |
_aCurses : _bwhat they are and how to break them / _cby Dick Bernal. |
| 260 |
_aShippensburg, PA : _bCompanion Press, _cc1991. |
||
| 300 |
_a103 p. ; _c21 cm. |
||
| 504 | _aIncludes bibliographical references. | ||
| 650 | 0 | _aBlessing and cursing. | |
| 650 | 0 | _aSpiritual warfare. | |
| 650 | 0 | _aDemoniac possession. | |
| 650 | 0 | _aCults. | |
| 650 | 0 | _aNeopaganism. | |
| 906 |
_a7 _bcbc _corignew _d3 _encip _f19 _gy-gencatlg |
||
| 942 |
_2ddc _cBK |
||